ՀՀ Գիտությունների ազգային ակադեմիայի հիմնարար գիտական գրադարան  =   Fundamental Scientific Library of NAS RA

Обогащение неклассифицированных углей / (Record no. 529740)

MARC details
000 -LEADER
fixed length control field 00883nam a2200241 a 4500
003 - CONTROL NUMBER IDENTIFIER
control field AM-YEHGA
005 - DATE AND TIME OF LATEST TRANSACTION
control field 20250617164812.0
008 - FIXED-LENGTH DATA ELEMENTS--GENERAL INFORMATION
fixed length control field 040616s1962 ||| r 000 0 rus d
040 ## - CATALOGING SOURCE
Original cataloging agency AM-YeHGA
041 0# - LANGUAGE CODE
Language code of text/sound track or separate title rus
001 - CONTROL NUMBER
control field 1827017
090 ## - LOCALLY ASSIGNED LC-TYPE CALL NUMBER (OCLC); LOCAL CALL NUMBER (RLIN)
-- 568226
245 10 - TITLE STATEMENT
Title Обогащение неклассифицированных углей /
Statement of responsibility, etc. М. Н. Дунаев, В. К. Турченко, А. Г. Мелик-Степанова, В. П. Гребенщиков
260 ## - PUBLICATION, DISTRIBUTION, ETC.
Place of publication, distribution, etc. Москва :
Name of publisher, distributor, etc. Госгортехиздат,
Date of publication, distribution, etc. 1962.
300 ## - PHYSICAL DESCRIPTION
Extent 183 с.
Other physical details тл..
504 ## - BIBLIOGRAPHY, ETC. NOTE
Bibliography, etc. note Библиогр.: с. 183
653 0# - INDEX TERM--UNCONTROLLED
Uncontrolled term Уголь - Обогащение
700 1# - ADDED ENTRY--PERSONAL NAME
Personal name Дунаев, Максим Никитич
700 1# - ADDED ENTRY--PERSONAL NAME
Personal name Турченко, В. К.
700 1# - ADDED ENTRY--PERSONAL NAME
Personal name Мелик-Степанова, А. Г.
700 1# - ADDED ENTRY--PERSONAL NAME
Personal name Гребенщиков, В. П.
942 ## - ADDED ENTRY ELEMENTS (KOHA)
Source of classification or shelving scheme Universal Decimal Classification
Koha item type Գրքեր / Books
Holdings
Withdrawn status Lost status Damaged status Not for loan Collection Home library Current library Date acquired Total checkouts Full call number Barcode Date last seen Price effective from Koha item type Public note
        General Fundamental Scientific Library Fundamental Scientific Library 01/04/2022   РII/73025 FL0675831 01/04/2022 01/04/2022 Գրքեր / Books 30 Days Loan


ՀՀ ԳԱԱ հիմնարար գիտական գրադարան
ՀՀ,Երևան 0019
Մարշալ Բաղրամյան 24/6
հեռախոս:(374-10) 52-47-50
Հետադարձ կապ

All site content, except where otherwise noted, is licensed under a
Creative Commons License